00489nam a2200145Ia 4500008004100000041000800041082001400049100001300063245004400076260004000120300002900160365001100189999001700200952012600217240624s9999 xx 000 0 und d aeng a338.9 KHA aKHAN N A aINFRASTRUCTURE FOR ECONOMIC DEVELOPMENT c2004aNew DelhibAnmol Publications ax, : 187 : p. : cm. ; 21 cRSb25 c11646d11646 00104070aIMTNbIMTNcRack 13-Ad2008-11-12eAPg400.00n1444o338.9 KHAp11646r2024-06-24 00:00:00t1w2024-06-24yBK